000 00438nam a2200181Ia 4500
005 20240823022609.0
008 240823s9999||||xx |||||||||||||| ||und||
041 _aENGLISH
082 _A297.12203 L8
100 _a"Penrice,John"
245 0 _aDictionary and Clossary of the Koran
250 _a1st
260 _c1978
_b"Cosmo,New Delhi"
500 _aTransfered
650 _aDictionary
_bGeneral
942 _cBK
999 _c179548
_d179548